[Event "Costa Brava op 29th"]
[Site "Costa Brava"]
[Date "2016.11.05"]
[Round "5"]
[White "Mato Bonany, Joan"]
[Black "Fernandez Garcia, Francesc"]
[Result "0-1"]
[WhiteElo "1881"]
[BlackElo "2075"]
[PlyCount "84"]
[EventDate "2016.09.24"]
[EventType "swiss"]
[EventRounds "9"]
[EventCountry "ESP"]
[SourceTitle "EXT 2018"]
[Source "ChessBase"]
[SourceDate "2017.10.13"]
[SourceVersion "1"]
[SourceVersionDate "2017.10.13"]
[SourceQuality "1"]

1. c4 g6 2. Nf3 Bg7 3. g3 c5 4. Bg2 Nc6 5. Nc3 e6 6. e4 Nge7 7. 0-0 0-0 8. d3 d5 9. Nd2 dxc4 10. dxc4 b6 11. a3 Bb7 12. Nf3 Na5 13. Qe2 Nec6 14. Rd1 Nd4 15. Nxd4 cxd4 16. b4 Nc6 17. Rb1 Qe7 18. Na2 Ne5 19. Bf4 Rfd8 20. Bxe5 Bxe5 21. Nc1 Bg7 22. Nd3 Rac8 23. e5 Bxg2 24. Kxg2 Rxc4 25. Rbc1 Rc3 26. Ra1 Rdc8 27. Rd2 Qb7+ 28. Kg1 Qd5 29. f4 Bf8 30. Kf2 Rb3 31. Rc2 Rxc2 32. Qxc2 Rc3 33. Qd2 Qc4 34. Ne1 Qd5 35. Nd3 a5 36. h4 Qc4 37. Ne1 d3 38. Qb2 axb4 39. axb4 Bxb4 40. Ra4 b5 41. Ra8+ Kg7 42. Rd8 Rc2+ 0-1